Porovnávacia gramatika anglického a slovenského jazyka 1

Bibliographic Details
Main Author: Bázlik, Miroslav, 1946-2020 (Author)
Format: Book
Language:English
Slovak
Published: V Bratislave Univerzita Komenského 1989
Edition:2. preprac. vyd.
Series:Vysokoškolské skriptá
Subjects:

MARC

LEADER 00000cam a2200000 a 4500
001 vtls001082910
003 SK-MaSNL
005 20260301153302.0
008 250414s1989 xo l frnp 00000 eng
015 |a SNBA1989/08 
020 |a 8022301469  |q (zv. 1. ;  |q brož.) 
020 |a 8022301450  |q (celý súbor ;  |q brož. ) 
035 |a SNK000025748 
040 |a SNK  |b slo  |c SNK  |e AACR2 
041 0 |a eng  |a slo 
044 |a xo  |c SK 
072 7 |a 811.111  |x Angličtina  |2 konspekt 
072 7 |a 37.016  |x Učebné osnovy. Vyučovacie predmety. Učebnice  |2 konspekt 
072 7 |a 811.162.4  |x Slovenčina  |2 konspekt 
080 |a 801.52:802.0:808.54(075.8)  |2 1981 
080 |a 802.0  |2 1981 
080 |a 808.54(075.8)  |2 1981 
080 |a 808.54-52  |2 1981 
080 |a 802.0-52  |2 1981 
080 |a 811.111  |2 2011 
080 |a 811.162.4  |2 2011 
080 |a 81`362  |2 2011 
080 |a (075.8)  |2 2011 
100 1 |a Bázlik, Miroslav,  |d 1946-2020  |4 aut  |9 226279 
245 1 0 |a Porovnávacia gramatika anglického a slovenského jazyka 1  |c Miroslav Bázlik 
250 |a 2. preprac. vyd. 
260 |a V Bratislave  |b Univerzita Komenského  |c 1989 
300 |a 148 s.  |b sch.  |c 29 cm 
366 |e 165 kusov 
490 1 |a Vysokoškolské skriptá 
500 |a Vydala Filozofická fakulta Univerzity Komenského 
500 |a V roku 1991 dotlač 350 kusov 
504 |a Obsahuje bibliografiu 
546 |a Čiastočný text v slovenčine 
650 0 7 |a angličtina  |2 SNKPH 
650 0 7 |a komparatívna gramatika  |2 SNKPH  |9 79737 
650 0 7 |a slovenčina  |2 SNKPH  |9 1350 
655 7 |a učebnice vysokých škôl  |2 SNKPH  |9 70191 
710 2 |a Univerzita Komenského v Bratislave.  |b Filozofická fakulta  |4 pbl 
752 |a Slovensko  |d Bratislava 
810 2 |a Univerzita Komenského v Bratislave.  |b Filozofická fakulta  |t Vysokoškolské skriptá  |9 276873 
852 |a Slovenská národná knižnica 
919 |a 80-223-0146-9 
919 |a 80-223-0145-0 
954 |a odborná, vedecká literatúra pôvodná (slovenská)  |2 lita 
958 |a RK 
958 |a TL 
958 |a NB 
958 |a OND 
958 |a UV 
999 |c 792321  |d 794251 
952 |t P60, <04>, [BOOK], {604}  |a SNK  |b SNK  |y VYP  |7 0  |p 17A0034893  |o snkSB 45680/1 D1  |0 0  |1 0  |4 0  |d 1997-01-30  |l 0  |r 2004-12-31 00:00:00  |w 2026-02-24 
952 |a SNK  |b SNK  |y PREZ  |7 0  |p 17A0860414  |o snkSB 45680/1  |0 0  |1 0  |4 0  |d 2012-07-16  |f 1  |l 0  |r 2025-01-30 00:00:00  |w 2026-02-24